000 nam a22 7a 4500
999 _c25758
_d25758
008 170201b xxu||||| |||| 00| 0 eng d
050 _aND237 .B47K3 1958
100 _aBenton,Thomas Hart
245 _aThomas Hart Benton :
_ba restrospective [sic] exhibition ... presented under the patronage of the Honorable Harry S. Truman and Mrs. Truman of Independence, Missouri , April 12 to May 18, 1958, The University of Kansas Museum of Art, Lawrence, Kansas.
_cThomas Hart Benton; University of Kansas. Museum of Art.
260 _aLawrence, Kan. :
_bThe Museum,
_cc1958.
300 _avarious paging . :
_bill. ;
_c23cm
942 _2lcc
_cBOOKS
_hND237 .B47K3 1958